000 00745cab a2200217 4500
001 WB3044-66
008 090401t1994 xxu||||| |||| 00| 0 eng d
035 _a(Sirsi) u10546
041 _aeng
245 _aSolicitors` property centre
260 _c1994
350 _a0
490 _aScotsman
_v23 November 1994, 3(1)
520 _aThe Edinburgh Solicitors` Property Centre is being referred to the Restrictive Practices Court over ESPC`s ban on joint agency advertising between solicitors and estate agents.
650 _aEDINBURGH SOLICITORS PROPERTY CENTRE
650 _aESTATE AGENTS
650 _aRESTRICTIVE PRACTICES COURT
690 _aMANAGEMENT-BUSINESS MANAGEMENT-PROFESSIONAL PRACTICE
942 _n0
948 _c04/03/1997
999 _c6668
_d6668